| 000 | 01619cam a22001934a 4500 | ||
|---|---|---|---|
| 005 | 20250605163510.0 | ||
| 008 | 250528s ||||||||||||||||||||||||d | ||
| 035 | _a20517 | ||
| 020 | _a126557608 | ||
| 040 |
_aGR-AtMCL _bgre _dGR-AtMCL _eAACR2 |
||
| 245 | 1 | _aResearch Strategies in Historical Archaeology | |
| 260 |
_bA Panther Book _bSouth Stanley, _c1977 |
||
| 300 | _a346 | ||
| 505 | 0 | _aForeword, Preface, Acknowledgements, Research Strategies in Historical Archaeology: The Scientific Paradigm, Toward a Unified Science of the Cultural Past, An Archaeological-Historical Analysis of Fort Watson: December 1780 - April 1781, Archeological Variability and Sociocultural Variability, A Subsurface Sampling Strategy for Archeological Reconnaissance, The Historical and Ecological Position of Protohistoric Sites in the Slate Mountains and South Central Arizona, Regularity and Variability in Contemporary Garbage, A Strategy for Getting the Job Done, Subject Index. | |
| 520 | _aForeword, Preface, Acknowledgements, Research Strategies in Historical Archaeology: The Scientific Paradigm, Toward a Unified Science of the Cultural Past, An Archaeological-Historical Analysis of Fort Watson: December 1780 - April 1781, Archeological Variability and Sociocultural Variability, A Subsurface Sampling Strategy for Archeological Reconnaissance, The Historical and Ecological Position of Protohistoric Sites in the Slate Mountains and South Central Arizona, Regularity and Variability in Contemporary Garbage, A Strategy for Getting the Job Done, Subject Index. | ||
| 942 | _cBK | ||
| 999 |
_c5617 _d5617 |
||